000 00576nam a2200205Ia 4500
005 20260114185903.0
008 008 260114s9999 xx 000 0 eng d
020 _a9781350273948
037 _aEBOOK
040 _aCRL
_beng
_cCRL
041 _aeng
_2eng
084 _qCRL
100 _aJoanny Bélair
_9875701
245 0 _aTanzania's Land Rush
260 _bBloomsbury
_c2022
650 _aAfrican Studies
_9875702
856 _uhttps://doi.org/10.5040/9781350273948?locatt=label:secondary_bloomsburyCollections
942 _cEBOOK
999 _c1474508
_d1474508